| Tag |
First Indicator |
Second Indicator |
Subfields |
| LEADER |
00000cam a2200000 a 4500 |
| 001 |
in00004490708 |
| 005 |
20210930145541.0 |
| 008 |
960916s1997 mouaf bf 001 0 eng |
| 010 |
|
|
|a 96043451
|
| 020 |
|
|
|a 0815173261
|
| 020 |
|
|
|a 0939674386
|
| 035 |
|
|
|a (OCoLC)35646467
|
| 035 |
|
|
|z (UtOrBLW)23111
|
| 035 |
|
|
|a 36406
|
| 040 |
|
|
|a DLC
|c DLC
|d C#P
|d AGL
|d UtOrBLW
|
| 049 |
|
|
|a TMVM
|c 1
|
| 060 |
|
4 |
|a SF 772.6
|b L123 1997
|
| 245 |
0 |
0 |
|a Laboratory procedures for veterinary technicians /
|c edited by Paul W. Pratt.
|
| 250 |
|
|
|a Third edition.
|
| 264 |
|
1 |
|a St. Louis, Mo. :
|b Mosby,
|c [1997]
|
| 264 |
|
4 |
|c ©1997
|
| 300 |
|
|
|a ix, 660 pages, 8 unnumbered pages of plates :
|b illustrations (some color) ;
|c 23 cm.
|
| 336 |
|
|
|a text
|2 rdacontent
|b txt
|
| 337 |
|
|
|a unmediated
|2 rdamedia
|
| 338 |
|
|
|a volume
|2 rdacarrier
|b nc
|
| 500 |
|
|
|a "A Times Mirror Company"--Title page verso.
|
| 504 |
|
|
|a Includes bibliographical references and index.
|
| 505 |
0 |
|
|a The veterinary practice laboratory -- Hematology -- Blood chemistry -- Microbiology -- Urinalysis -- Internal parasites -- External parasites -- Function tests -- Immunology and serology -- Necropsy -- Cytologic examination -- Miscellaneous laboratory techniques
|
| 650 |
|
2 |
|a Pathology, Veterinary.
|
| 650 |
|
2 |
|a Laboratory Techniques and Procedures
|x veterinary.
|
| 650 |
|
2 |
|a Veterinary Medicine.
|
| 655 |
|
2 |
|a Laboratory Manual.
|
| 700 |
1 |
|
|a Pratt, Paul W.
|
| 948 |
|
|
|a ACDE evaluation: Keep per selector (ec); Vet. Med. & Use; 10/97/eb.
|
| 999 |
|
|
|a MARS
|
| 999 |
f |
f |
|s bea4b7b1-ef01-3069-ba10-124ace2141a1
|i 11b77473-1ade-3fad-98b4-48593671a3ac
|t 0
|
| 952 |
f |
f |
|p preservation
|a Texas A&M University
|b J.J. Pickle Campus
|c High Density Repository
|d Remote Storage
|t 0
|e SF 772.6 L123 1997
|h National Library of Medicine classification
|i unmediated -- volume
|m 3238901450383
|
| 998 |
f |
f |
|a SF 772.6 L123 1997
|t 0
|l Remote Storage
|